Grösste Schweizer Städte/Gemeinden nach Anfangsbuchstabe - Statistiken

Allgemein
  • Dieses Quiz wurde 37 mal gespielt
  • Das Durchschnittsergebnis liegt bei 40 aus 74
Antwortstatistiken
Hint Antwort % Korrekt
B Bern BE 136'988
97%
G Genève GE 206'635
97%
A Aarau AG 22'290
94%
B Basel BS 176'329
94%
Z Zürich ZH 433'989
94%
L Luzern LU 85'534
91%
F Fribourg FR 38'660
88%
C Chur GR 39'242
85%
L Lausanne VD 144'160
85%
L Lugano TI 63'495
85%
S St. Gallen SG 78'213
85%
Z Zug ZG 31'995
85%
B Biel/Bienne BE 55'932
82%
W Winterthur ZH 119'315
82%
N Neuchâtel NE 44'898
79%
S Schaffhausen SH 38'666
76%
T Thun BE 43'905
76%
G Glarus Nord GL 19'639
73%
S Sion VS 36'624
73%
Y Yverdon-les-Bains VD 30'202
73%
D Delémont JU 12'739
67%
E Emmen LU 32'380
67%
F Frauenfeld TG 26'747
67%
O Olten SO 18'715
67%
D Dietikon ZH 28'201
61%
H Herisau AR 15'893
61%
M Montreux VD 26'828
61%
U Uster ZH 36'352
61%
C Cham ZG 17'867
58%
H Horgen ZH 23'709
58%
D Dübendorf ZH 31'506
55%
K Köniz BE 42'958
55%
M Martigny VS 21'759
55%
R Rapperswil-Jona SG 28'640
55%
V Vevey VD 20'139
55%
A Allschwil BL 22'110
52%
N Nyon VD 23'016
52%
P Pratteln BL 16'566
52%
C Carouge GE 22'311
48%
G Gossau SG 18'454
48%
E Einsiedeln SZ 16'464
45%
F Freienbach SZ 16'943
45%
H Horw LU 15'475
45%
K Kreuzlingen TG 23'241
45%
K Kriens LU 29'632
45%
N Neuhausen am Rheinfall SH 11'213
45%
O Opfikon ZH 21'553
45%
R Riehen BS 22'408
45%
U Uzwil SG 14'279
45%
W Wetzikon ZH 26'462
45%
Q Quarten SG 3085
39%
R Renens VD 21'408
39%
T Thalwil ZH 18'561
39%
A Adliswil ZH 19'707
36%
E Ebikon LU 14'662
36%
I Illnau-Effretikon ZH 17'679
36%
O Onex GE 18'886
36%
T Thônex GE 16'690
33%
V Vernier GE 37'460
33%
W Wädenswil ZH 25'753
33%
P Pully VD 19'287
30%
V Volketswil ZH 19'723
30%
Z Zollikon ZH 13'570
30%
M Meyrin GE 26'882
27%
I Ingenbohl SZ 9346
24%
I Ittigen BE 11'628
24%
J Jegenstorf BE 5852
24%
P Pfäffikon ZH 12'509
24%
Q Quinto TI 1324
24%
U Urdorf ZH 10'424
21%
Y Yvonand VD 3536
18%
Y Yens VD 1498
15%
J Jonschwil SG 4023
12%
J Jorat-Mézières VD 3177
3%
Keine übereinstimmenden Quizze gefunden
Verteilung der Resultate
Anzahl Personen mit jedem Resultat
Perzentil nach korrekt beantworteten Fragen
Ihre Resultats-Entwicklung
Sie haben dieses Quiz noch nicht gespielt